000 02393cam a22001934a 4500
005 20250605164237.0
008 250528s ||||||||||||||||||||||||d
035 _a21171
020 _a9789600220469
040 _aGR-AtMCL
_bgre
_dGR-AtMCL
_eAACR2
245 1 _aΠολιτική και Οικονομία της Υγείας / Στρατηγικός Σχεδιασμός - Οργάνωση και Διοίκηση - Οικονομική Λειτουργία - Τομεακές Πολιτικές
260 _bΠαπαζήση,
_c2006
300 _a576
520 _aΈνας ιδανικός τρόπος ανάδειξης και μελέτης της νέας πραγματικότητας που διαμορφώνεται στον τομέα της υγείας. Πρόλογος, Προκλήσεις στο Σχεδιασμό της Πολιτικής Υγείας, Δημογραφική Γήρανση και Πολιτική Υγείας, Οικονομικές και Κοινωνικές Ανισότητες στην Υγεία και τις Υπηρεσίες Υγείας, Πολιτικά Κόμματα και Πολιτική Υγείας: Η Υγειονομική Περίθαλψη ως Πολιτικό Διακύβευμα, Ηθικές και Νομικές Παράμετροι της Υγείας: Η Προστασία των Διακιωμάτων των Ασθενών, Κοινωνικοί και Πολιτιστικοί Παράγοντες της Υγείας και των Υπηρεσιών Υγείας, Οργάνωση και Διοίκηση των Υπηρεσιών Υγείας, Τοπική Αυτοδιοίκηση και Υπηρεσίες Υγείας, Εφαρμογές Πληροφορικής στις Υπηρεσίες Υγείας, Οικονομική Λειτουργία των Συστημάτων Υγείας, Ιδιωτική Ασφάλιση και Υπηρεσίες Υγείας, Οικονομική Αξιολόγηση Υπηρεσιών Υγείας, Τομεακές Πολιτικές στην Υγεία, Δημόσια Υγεία, Αγορά Φαρμάκου και Φαρμακευτική Πολιτική, Πολιτική Ψυχικής Υγείας, Βιογραφικά Συγγραφέων.
700 1 _aΣουλιώτης Κυριάκος Ν
_97199
942 _cBK
999 _c6239
_d6239